000 00752nam a2200217Ia 4500
001 14852
003 GE_BSU
008 181216s||||||||xx |||||||||||||| ||und||
040 _cGE_BSU
080 _a517.44(083.4)
100 _aБейтмен,Г. Эрдейн, А.
245 _aТаблицы интегральных преобразовании. т.2 Преобразования Бесселя. Интегралы
260 _aМосква
260 _bНаука
260 _c1970
300 _a327стр.23см.
300 _eуказатель стр.325-327
653 _aПреобразования Бесселя. Интегралы
653 _aТаблицы интегральных преобразовании.
942 _cBK
999 _c47974
_d47974